|
|
|
|
| LEADER |
00000nas a2200000 a 4500 |
| 001 |
ssj0008702 |
| 003 |
WaSeSS |
| 005 |
20200512172242.0 |
| 006 |
m d |
| 007 |
cr n |
| 008 |
990617c19849999ne qr pss 0 0eng c |
| 010 |
|
|
|a 2004233321
|
| 022 |
|
|
|a 1572-8366
|l 0889-048X
|y 0889-048X
|
| 035 |
|
|
|a (WaSeSS)ssj0008702
|
| 040 |
|
|
|a F#A
|b eng
|e pn
|c F#A
|d OCLCQ
|d MUQ
|d OCLCQ
|d GUA
|d ZCU
|d SERSO
|d OCLCQ
|d OCLCF
|d OCLCO
|d OCLCQ
|d VT2
|d DLC
|d WaSeSS
|
| 042 |
|
|
|a pcc
|
| 050 |
0 |
0 |
|a HD1401
|
| 082 |
0 |
4 |
|a 307.72
|
| 130 |
0 |
|
|a Agriculture and human values (Online)
|
| 222 |
|
0 |
|a Agriculture and human values
|b (Dordrecht. Online)
|
| 245 |
1 |
0 |
|a Agriculture and human values
|h [electronic resource].
|
| 246 |
3 |
|
|a Agriculture & human values
|
| 260 |
|
|
|a Dordrecht :
|b Kluwer Academic Publishers
|
| 260 |
|
|
|3 <2005-> :
|a [Dordrecht] :
|b Springer
|
| 310 |
|
|
|a Quarterly
|
| 362 |
1 |
|
|a Print began with v. 1, no. 1 (winter 1984).
|
| 500 |
|
|
|a Journal of the Agriculture, Food, and Human Values Society.
|
| 506 |
|
|
|a License restrictions may limit access.
|
| 538 |
|
|
|a Mode of access: World Wide Web.
|
| 550 |
|
|
|a "Journal of the Agriculture, Food, and Human Values Society."
|
| 588 |
|
|
|a Description based on: Vol. 14, issue 1 (Mar. 1997); title from contents screen (publisher's Web site, viewed Feb. 24, 2004).
|
| 588 |
|
|
|a Latest issue consulted: Vol. 36, issue 3 (Sept. 2019) (Springer Link, viewed Oct. 21, 2019).
|
| 650 |
|
0 |
|a Agriculture
|x Social aspects
|v Periodicals.
|
| 650 |
|
6 |
|a Agriculture
|x Aspect social
|v Périodiques.
|
| 650 |
|
7 |
|a Agriculture
|x Social aspects.
|2 fast
|0 (OCoLC)fst00801646
|
| 655 |
|
0 |
|a Electronic journals.
|
| 710 |
2 |
|
|a Agriculture, Food, and Human Values Society.
|
| 776 |
0 |
8 |
|i Print version:
|t Agriculture and human values
|x 0889-048X
|w (DLC) 87644809
|w (OCoLC)10794933
|
| 850 |
|
|
|a DLC
|
| 856 |
4 |
0 |
|z Full text available from Research Library: 03/01/1999 to 1 year ago
|u https://search.proquest.com/publication/45186
|